000 00447nam a2200181Ia 4500
001 1877
005 20260306143801.0
008 260306t2013||||xx |||||||||||||| ||spa||
041 _aESP
082 _a158.1
_bB18
100 _aBallenato Prieto, Guillermo
_eAUT
245 0 _aGestión del tiempo:
_ben busca de la eficacia
260 _c2013
300 _a256 páginas :
_c23 cm.
650 _aGEN
654 _aCPS
942 _cLIB
_dJUS
_fJUS
_2ddc
_n
999 _c1877
_d1877